Nommez un dinosaure A-Z - Contenant chaque lettre de l'alphabet - Statistiques

Statistiques générales
  • Ce quiz a été pris 59 fois
  • Le résultat moyen est 114 sur 601
Statistiques - réponses
Commence par Contient Possible Exemple Genre % Correct
T A 84 Tyrannosaurus
83%
T O 61 Tyrannosaurus
83%
T R 65 Tyrannosaurus
83%
T S 64 Tyrannosaurus
83%
T T 92 Tyrannosaurus
83%
D C 18 Diplodocus
80%
D D 63 Diplodocus
80%
D I 27 Diplodocus
80%
D O 50 Diplodocus
80%
D S 40 Diplodocus
80%
D U 42 Diplodocus
80%
D L 23 Diplodocus
76%
D P 15 Diplodocus
76%
T E 42 Triceratops
76%
T I 48 Triceratops
76%
V A 21 Velociraptor
76%
V E 15 Velociraptor
76%
V I 15 Velociraptor
76%
V L 10 Velociraptor
76%
V O 19 Velociraptor
76%
V P 9 Velociraptor
76%
V R 18 Velociraptor
76%
V T 13 Velociraptor
76%
V V 23 Velociraptor
76%
T C 24 Triceratops
74%
V C 9 Velociraptor
74%
T P 15 Triceratops
72%
A A 152 Albertosaurus
65%
A L 64 Albertosaurus
65%
A O 100 Ankylosaurus
65%
A R 121 Ankylosaurus
65%
A S 120 Ankylosaurus
65%
A U 101 Ankylosaurus
65%
B A 62 Brachiosaurus
61%
B B 71 Brachiosaurus
61%
B O 51 Brachiosaurus
61%
B R 61 Brachiosaurus
61%
S A 97 Stegosaurus
61%
S O 85 Stegosaurus
61%
S R 90 Stegosaurus
61%
S S 114 Stegosaurus
61%
S U 79 Stegosaurus
61%
T N 54 Tyrannosaurus
59%
T U 63 Tyrannosaurus
59%
B S 54 Brachiosaurus
57%
B U 47 Brachiosaurus
57%
S E 51 Stegosaurus
57%
T Y 17 Tyrannosaurus
57%
A N 74 Ankylosaurus
54%
B C 14 Brachiosaurus
54%
B H 17 Brachiosaurus
54%
B I 33 Brachiosaurus
54%
S T 55 Stegosaurus
54%
I A 25 Iguanodon
52%
I D 3 Iguanodon
52%
I G 5 Iguanodon
52%
I I 31 Iguanodon
52%
I N 15 Iguanodon
52%
I O 18 Iguanodon
52%
I U 19 Iguanodon
52%
S G 18 Stegosaurus
52%
A K 13 Ankylosaurus
50%
A Y 18 Ankylosaurus
50%
S P 35 Spinosaurus
48%
C A 88 Compsognathus
46%
C C 98 Compsognathus
46%
C O 71 Compsognathus
46%
C S 74 Compsognathus
46%
C T 41 Compsognathus
46%
C U 69 Compsognathus
46%
P A 88 Parasaurolophus
46%
P H 29 Parasaurolophus
46%
P L 41 Parasaurolophus
46%
P O 72 Parasaurolophus
46%
P P 96 Parasaurolophus
46%
P R 75 Parasaurolophus
46%
P S 61 Parasaurolophus
46%
P U 61 Parasaurolophus
46%
S I 72 Spinosaurus
46%
S N 70 Spinosaurus
46%
G A 50 Gallimimus
43%
G G 54 Gallimimus
43%
G S 34 Giganotosaurus
43%
G U 31 Gallimimus
43%
P C 25 Pachycephalosaurus
43%
P E 50 Pachycephalosaurus
43%
A E 59 Argentinosaurus
41%
A T 84 Argentinosaurus
41%
B N 33 Baryonyx
41%
C N 48 Compsognathus
41%
C R 80 Corythosaurus
41%
D H 12 Dilophosaurus
41%
G I 32 Gallimimus
41%
D E 25 Deinonychus
39%
G N 30 Giganotosaurus
39%
G O 39 Giganotosaurus
39%
G R 39 Giganotosaurus
39%
P Y 18 Pachycephalosaurus
39%
A I 67 Argentinosaurus
37%
C H 49 Compsognathus
37%
D N 36 Deinonychus
37%
G T 22 Giganotosaurus
37%
M A 72 Megalosaurus
37%
M M 83 Megalosaurus
37%
O A 22 Oviraptor
37%
O O 33 Ornithomimus
37%
O R 27 Ornithomimus
37%
P T 51 Protoceratops
37%
A B 18 Albertosaurus
35%
A G 19 Argentinosaurus
35%
D Y 16 Deinonychus
35%
M R 65 Megalosaurus
35%
C M 18 Compsognathus
33%
C P 27 Compsognathus
33%
E A 38 Edmontosaurus
33%
E E 50 Edmontosaurus
33%
E R 42 Edmontosaurus
33%
O I 16 Ornithomimus
33%
O T 22 Ornithomimus
33%
U A 14 Utahraptor
33%
U R 12 Utahraptor
33%
U T 9 Utahraptor
33%
U U 15 Utahraptor
33%
B X 1 Baryonyx
30%
B Y 16 Baryonyx
30%
C D 22 Carcharodontosaurus
30%
D A 51 Dilophosaurus
30%
D R 45 Dilophosaurus
30%
E O 38 Edmontosaurus
30%
E T 19 Edmontosaurus
30%
G L 17 Gallimimus
30%
M I 39 Microraptor
30%
A P 43 Atrocirapor
28%
C E 43 Centrosaurus
28%
C G 17 Compsognathus
28%
E M 14 Edmontosaurus
28%
E N 21 Edmontosaurus
28%
E S 36 Edmontosaurus
28%
E U 35 Edmontosaurus
28%
M C 28 Microraptor
28%
M E 34 Megalosaurus
28%
M O 52 Megalosaurus
28%
M P 22 Microraptor
28%
M S 61 Megalosaurus
28%
M U 56 Megalosaurus
28%
O N 14 Ornithomimus
28%
O P 9 Oviraptor
28%
O S 24 Ornithomimus
28%
O U 19 Ornithomimus
28%
P N 55 Pachyrhinosaurus
28%
T H 30 Therizinosaurus
28%
U H 4 Utahraptor
28%
U O 7 Utahraptor
28%
U P 4 Utahraptor
28%
A C 46 Acrocanthosaurus
26%
B T 33 Bambiraptor
26%
E D 9 Edmontosaurus
26%
E P 15 Euoplocephalus
26%
H A 48 Hadrosaurus
26%
H H 55 Hadrosaurus
26%
H R 40 Hadrosaurus
26%
H U 41 Hadrosaurus
26%
K A 32 Kentrosaurus
26%
K E 16 Kentrosaurus
26%
K K 39 Kentrosaurus
26%
K N 18 Kentrosaurus
26%
K O 21 Kentrosaurus
26%
K R 29 Kentrosaurus
26%
K S 27 Kentrosaurus
26%
K T 12 Kentrosaurus
26%
K U 30 Kentrosaurus
26%
N A 41 Nanotyrannus
26%
N N 48 Nanotyrannus
26%
N R 35 Nanotyrannus
26%
S C 27 Styracosaurus
26%
A M 28 Amargasaurus
24%
C Y 14 Corythosaurus
24%
G M 9 Gallimimus
24%
I R 20 Irritator
24%
M H 17 Mamenchisaurus
24%
M N 40 Majungasaurus
24%
M T 22 Microraptor
24%
N E 24 Nasutoceratops
24%
N S 35 Nanotyrannus
24%
N U 35 Nanotyrannus
24%
O V 4 Oviraptor
24%
P I 39 Pachyrhinosaurus
24%
S H 37 Struthiomimus
24%
T D 8 Troodon
24%
T Z 3 Therizinosaurus
24%
A H 40 Achillobator
22%
D T 29 Diabloceratops
22%
E I 22 Edmontonia
22%
H O 33 Hadrosaurus
22%
I T 11 Irritator
22%
M G 13 Megalosaurus
22%
S M 16 Struthiomimus
22%
T B 3 Tarbosaurus
22%
E L 15 Euoplocephalus
20%
G P 15 Gigantoraptor
20%
L A 56 Lambeosaurus
20%
L E 32 Lambeosaurus
20%
L L 65 Lambeosaurus
20%
L M 8 Lambeosaurus
20%
L R 50 Lambeosaurus
20%
L S 49 Lambeosaurus
20%
L U 52 Lambeosaurus
20%
M L 26 Megalosaurus
20%
N O 32 Nanotyrannus
20%
T G 16 Tuojiangosaurus
20%
Y A 23 Yutyrannus
20%
Y N 20 Yutyrannus
20%
Y R 20 Yutyrannus
20%
Y S 16 Yutyrannus
20%
Y T 5 Yutyrannus
20%
Y U 23 Yutyrannus
20%
Y Y 29 Yutyrannus
20%
A V 13 Avimimus
17%
C I 48 Coelophysis
17%
C L 26 Coelophysis
17%
D B 4 Diabloceratops
17%
H E 29 Heterodontosaurus
17%
L B 5 Lambeosaurus
17%
L O 44 Lambeosaurus
17%
N G 11 Nigersaurus
17%
N I 21 Nigersaurus
17%
N T 21 Nanotyrannus
17%
P G 16 Patagotitan
17%
S L 28 Sauropelta
17%
S Y 17 Styracosaurus
17%
T J 1 Tuojiangosaurus
17%
W A 11 Wuerhosaurus
17%
W O 9 Wuerhosaurus
17%
W R 8 Wuerhosaurus
17%
W S 6 Wuerhosaurus
17%
W U 9 Wuerhosaurus
17%
W W 13 Wuerhosaurus
17%
E Y 7 Eotyrannus
15%
F A 21 Falcarius
15%
F F 22 Falcarius
15%
F I 13 Falcarius
15%
F K 5 Fukuiraptor
15%
F R 18 Falcarius
15%
F S 12 Falcarius
15%
F U 15 Falcarius
15%
H L 19 Hypsilophodon
15%
H P 23 Hypsilophodon
15%
L N 40 Liaoningosaurus
15%
L T 26 Leptoceratops
15%
L Y 10 Leaellynasaura
15%
M J 1 Majungasaurus
15%
O H 11 Ornithomimus
15%
R A 26 Rajasaurus
15%
R R 27 Rajasaurus
15%
R S 18 Rajasaurus
15%
R U 18 Rajasaurus
15%
W E 7 Wuerhosaurus
15%
Z A 19 Zalmoxes
15%
Z E 12 Zalmoxes
15%
Z O 12 Zalmoxes
15%
Z S 12 Zalmoxes
15%
Z Z 23 Zalmoxes
15%
A F 3 Afrovenator
13%
C V 4 Concavenator
13%
D G 9 Dilong
13%
E C 15 Euoplocephalus
13%
E H 14 Euoplocephalus
13%
H D 8 Hadrosaurus
13%
H N 29 Hypsilophodon
13%
H Y 16 Hypsilophodon
13%
I C 10 Ichthyovenator
13%
L H 20 Lesothosaurus
13%
L I 39 Liaoningosaurus
13%
M K 8 Mononykus
13%
M Y 11 Mononykus
13%
N C 8 Nasutoceratops
13%
N P 10 Nasutoceratops
13%
O L 7 Ornitholestes
13%
P K 7 Piatnitzkysaurus
13%
P M 9 Pelecanimimus
13%
Q A 14 Qianzhousaurus
13%
Q I 11 Qianzhousaurus
13%
Q Q 14 Qianzhousaurus
13%
R J 3 Rajasaurus
13%
R O 19 Rhabdodon
13%
R P 6 Regaliceratops
13%
S D 14 Sauroposeidon
13%
S X 10 Sinosauropteryx
13%
Y C 4 Yurgovuchia
13%
Y H 6 Yurgovuchia
13%
Y O 22 Yinlong
13%
Z C 5 Zuniceratops
13%
Z I 8 Zhuchengtyrannus
13%
Z N 13 Zhuchengtyrannus
13%
Z P 9 Zhuchengtyrannus
13%
Z R 12 Zhuchengtyrannus
13%
Z T 6 Zhuchengtyrannus
13%
Z U 15 Zhuchengtyrannus
13%
G F 1 Giraffatitan
11%
H C 13 Homalocephale
11%
H I 27 Hypsilophodon
11%
I H 5 Ichthyovenator
11%
I S 20 Isisaurus
11%
I V 4 Ichthyovenator
11%
J A 27 Juravenator
11%
J B 2 Jobaria
11%
J I 24 Jobaria
11%
J J 28 Juravenator
11%
J O 15 Juravenator
11%
J R 19 Juravenator
11%
N D 9 Nodosaurus
11%
O E 15 Ornitholestes
11%
O F 1 Ostafrikasaurus
11%
O K 5 Ostafrikasaurus
11%
O M 10 Ornithomimus
11%
Q N 11 Qianzhousaurus
11%
Q O 7 Qianzhousaurus
11%
T V 6 Torvosaurus
11%
W H 2 Wuerhosaurus
11%
X A 15 Xenoceratops
11%
X C 2 Xenoceratops
11%
X E 7 Xenoceratops
11%
X N 17 Xenoceratops
11%
X O 16 Xenoceratops
11%
X P 4 Xenoceratops
11%
X R 11 Xenoceratops
11%
X S 12 Xenoceratops
11%
X T 8 Xenoceratops
11%
X X 20 Xenoceratops
11%
Y G 12 Yinlong
11%
B D 5 Bradycneme
9%
B E 29 Bagaceratops
9%
B J 2 Bajadasaurus
9%
B L 20 Borealopelta
9%
B P 18 Bambiraptor
9%
D M 9 Dromaeosaurus
9%
E B 4 Eolambia
9%
E X 3 Epidexipteryx
9%
F O 13 Fukuiraptor
9%
F P 5 Fukuiraptor
9%
F T 11 Fukuiraptor
9%
G Y 8 Gargoyleosaurus
9%
H M 5 Homalocephale
9%
I E 10 Imperobator
9%
I Y 3 Ichthyovenator
9%
K C 5 Kosmoceratops
9%
K M 9 Kosmoceratops
9%
K P 8 Kosmoceratops
9%
L C 14 Leptoceratops
9%
L V 9 Lexovisaurus
9%
L X 2 Lexovisaurus
9%
M D 12 Massospondylus
9%
N V 5 Neovenator
9%
P Z 2 Piatnitzkysaurus
9%
Q L 6 Quilmesaurus
9%
Q R 9 Qianzhousaurus
9%
Q S 10 Qianzhousaurus
9%
Q U 11 Qianzhousaurus
9%
R E 12 Regaliceratops
9%
R G 5 Regaliceratops
9%
R T 10 Regaliceratops
9%
U S 8 Udanoceratops
9%
W N 9 Wendiceratops
9%
Y I 12 Yinlong
9%
A D 24 Adasaurus
7%
A J 3 Agujaceratops
7%
A Q 2 Aquilops
7%
A Z 5 Alvarezsaurus
7%
C X 3 Caudipteryx
7%
D V 4 Denversaurus
7%
E K 4 Erlikosaurus
7%
F E 12 Fruitadens
7%
F G 5 Fulgurotherium
7%
F L 7 Falcarius
7%
F N 13 Fruitadens
7%
F V 3 Fukuivenator
7%
G B 8 Gobisaurus
7%
G E 19 Gargoyleosaurus
7%
G J 1 Gojirasaurus
7%
H G 8 Huayangosaurus
7%
H S 45 Hadrosaurus
7%
H T 16 Heterodontosaurus
7%
J E 9 Juravenator
7%
J K 3 Jakapil
7%
J L 8 Jakapil
7%
J N 20 Juravenator
7%
J P 6 Judiceratops
7%
J T 11 Juravenator
7%
J U 21 Juravenator
7%
J V 1 Juravenator
7%
K I 14 Kritosaurus
7%
K L 12 Kileskus
7%
L P 14 Leptoceratops
7%
N Q 4 Nanuqsaurus
7%
N Y 7 Nanotyrannus
7%
O C 3 Opisthocoelicaudia
7%
O D 8 Orodromeus
7%
P W 4 Phuwiangvenator
7%
Q E 3 Quaesitosaurus
7%
Q G 7 Qianjiangsaurus
7%
Q H 1 Qianzhousaurus
7%
Q Z 1 Qianzhousaurus
7%
R I 16 Regaliceratops
7%
R N 10 Rhabdodon
7%
S V 7 Skorpiovenator
7%
T L 24 Telmatosaurus
7%
U E 9 Udanoceratops
7%
V N 8 Vulcanodon
7%
Z L 11 Zalmoxes
7%
A W 1 Alwalkeria
4%
A X 5 Alxasaurus
4%
B G 11 Bagaceratops
4%
B V 5 Breviceratops
4%
C K 5 Chungkingosaurus
4%
D K 4 Dakotaraptor
4%
D X 3 Draconyx
4%
E F 1 Efraasia
4%
E J 1 Equijubus
4%
E Q 1 Equijubus
4%
F C 5 Falcarius
4%
F D 1 Fruitadens
4%
F H 4 Fulgurotherium
4%
F M 2 Fulgurotherium
4%
F X 1 Fylax
4%
F Y 1 Fylax
4%
G C 7 Glacialisaurus
4%
G D 8 Gondwanatitan
4%
G X 3 Gryponyx
4%
H K 1 Halszkaraptor
4%
H Z 2 Halszkaraptor
4%
I B 4 Imperobator
4%
I P 4 Imperobator
4%
J Y 5 Juratyrant
4%
K D 3 Kundurosaurus
4%
L G 13 Liaoningosaurus
4%
M B 3 Muttaburrasaurus
4%
M X 4 Meraxes
4%
Q J 2 Qianjiangsaurus
4%
Q M 1 Quilmesaurus
4%
Q T 3 Quaesitosaurus
4%
R B 3 Rhabdodon
4%
R H 10 Rhabdodon
4%
R K 2 Rukwatitan
4%
R W 1 Rukwatitan
4%
U C 4 Udanoceratops
4%
U I 6 Unenlagia
4%
U L 5 Ultrasaurus
4%
U N 10 Udanoceratops
4%
W C 2 Wendiceratops
4%
W D 3 Wendiceratops
4%
W I 7 Wendiceratops
4%
W P 1 Wendiceratops
4%
W T 4 Wendiceratops
4%
Y E 7 Yamaceratops
4%
Y L 9 Yinlong
4%
Y P 4 Yamaceratops
4%
Z B 2 Zanabazar
4%
Z G 11 Zhuchengtyrannus
4%
Z H 10 Zhuchengtyrannus
4%
Z M 1 Zalmoxes
4%
Z X 1 Zalmoxes
4%
Z Y 6 Zhuchengtyrannus
4%
B K 6 Boreonykus
2%
B M 5 Bambiraptor
2%
C B 2 Chebsaurus
2%
C J 1 Chuanjiesaurus
2%
C Q 1 Chuanqilong
2%
D Z 3 Dzharacursor
2%
E G 3 Enigmosaurus
2%
E Z 1 Elrhazosaurus
2%
G H 8 Goyocephale
2%
G V 4 Gobivenator
2%
G W 1 Gondwanatitan
2%
G Z 1 Ganzhousaurus
2%
I L 3 Iguanacolossus
2%
I M 2 Imperobator
2%
J C 5 Judiceratops
2%
J H 8 Jeholosaurus
2%
J S 16 Judiceratops
2%
J W 1 Jeyawati
2%
K B 3 Kerberosaurus
2%
K J 2 Kaijutitan
2%
L F 1 Lufengosaurus
2%
L J 1 Lajasvenator
2%
L K 4 Lokiceratops
2%
L Z 1 Lanzhousaurus
2%
N J 2 Ninjatitan
2%
N M 9 Nemegtosaurus
2%
O W 1 Owenodon
2%
O Z 1 Ozraptor
2%
P B 4 Probactrosaurus
2%
P X 6 Pegomastax
2%
Q C 1 Quetecsaurus
2%
Q P 2 Qiupalong
2%
Q W 1 Qiaowanlong
2%
Q X 1 Qingxiusaurus
2%
R C 8 Regaliceratops
2%
R D 4 Rhabdodon
2%
R V 3 Riparovenator
2%
R Y 2 Ruyangosaurus
2%
S K 8 Skorpiovenator
2%
S Z 3 Shenzhousaurus
2%
T W 1 Tawa
2%
U B 3 Urbacodon
2%
U G 2 Ulughbegsaurus
2%
V B 1 Vallibonavenatrix
2%
V D 3 Vulcanodon
2%
V F 1 Velafrons
2%
V G 2 Vagaceratops
2%
V S 10 Vagaceratops
2%
V U 10 Vulcanodon
2%
V X 1 Vallibonavenatrix
2%
W G 4 Wulong
2%
W L 5 Wulong
2%
X H 3 Xianshanosaurus
2%
X U 14 Xunmenglong
2%
Y M 7 Yamaceratops
2%
Y V 2 Yurgovuchia
2%
D Q 1 Diuqin
0%
E V 1 Erythrovenator
0%
F J 1 Fujianvenator
0%
G K 1 Gonkoken
0%
G Q 1 Gongpoquansaurus
0%
H B 2 Huabeisaurus
0%
H V 1 Hypnovenator
0%
H X 5 Hexing
0%
I K 2 Iyuku
0%
I W 1 Inawentu
0%
I X 1 Invictarx
0%
J D 1 Judiceratops
0%
J F 1 Jinfengopteryx
0%
J G 10 Jinfengopteryx
0%
J Q 1 Joaquinraptor
0%
J X 4 Jinfengopteryx
0%
J Z 1 Jinzhousaurus
0%
K G 4 Kaijiangosaurus
0%
K H 6 Khaan
0%
K V 1 Kayentavenator
0%
K Y 5 Kayentavenator
0%
K Z 1 Kazaklambia
0%
L D 3 Lurdusaurus
0%
L Q 1 Laquintasaura
0%
L W 1 Lingwulong
0%
M F 2 Malefica
0%
M Q 1 Minqaria
0%
M V 2 Microvenator
0%
M W 3 Malawisaurus
0%
M Z 1 Mendozasaurus
0%
N B 8 Nqwebasaurus
0%
N H 7 Nothronychus
0%
N K 2 Nemegtonykus
0%
N L 9 Notohypsilophodon
0%
N W 3 Nqwebasaurus
0%
O B 2 Oblitosaurus
0%
O G 3 Obelignathus
0%
O J 1 Ojoraptorsaurus
0%
O Y 1 Oryctodromeus
0%
P D 22 Pectinodon
0%
P J 1 Perijasaurus
0%
P V 8 Piveteausaurus
0%
Q K 2 Qunkasaura
0%
Q Y 1 Qiupanykus
0%
R L 4 Regaliceratops
0%
R M 2 Ratchasimasaurus
0%
R X 2 Riojavenatrix
0%
S B 1 Sibirotitan
0%
S F 1 Sefapanosaurus
0%
S J 1 Sanjuansaurus
0%
S W 1 Suuwassea
0%
T F 1 Triunfosaurus
0%
T K 4 Tralkasaurus
0%
T M 12 Telmatosaurus
0%
T X 2 Texacephale
0%
U D 4 Udanoceratops
0%
U Q 1 Unquillosaurus
0%
U Y 1 Unaysaurus
0%
V H 2 Vahiny
0%
V K 1 Volkheimeria
0%
V M 2 Volkheimeria
0%
V Y 2 Vahiny
0%
W K 2 Wakinosaurus
0%
W M 1 Wamweracaudia
0%
W Q 1 Willinakaqe
0%
W V 1 Wiehenvenator
0%
X D 1 Xenoposeidon
0%
X G 8 Xunmenglong
0%
X I 13 Xenoposeidon
0%
X J 2 Xinjiangtitan
0%
X K 2 Xiyunykus
0%
X L 4 Xunmenglong
0%
X M 1 Xunmenglong
0%
X V 2 Xenovenator
0%
X W 1 Xuwulong
0%
X Y 2 Xiyunykus
0%
Y B 1 Yanbeilong
0%
Y D 2 Yandusaurus
0%
Y J 1 Yongjinglong
0%
Y X 2 Yuxisaurus
0%
Y Z 2 Yizhousaurus
0%
Z J 2 Zhejiangosaurus
0%
Z V 1 Zavacephale
0%
Aucun quiz correspondant
Distribution des résultats
% des personnes avec chaque résultat
Percentile par nombre de réponses
Votre historique - résultats
Vous n’avez pas pris ce quiz